000 01134nam0a22002891 4500
001 v19\rc\1605624
005 20250619045552.0
035 _a(NLR Aleph) 004832021
090 _a4732147
_c4732147
100 _a20061002d1896 |||y0rusy50 ca
101 0 _arus
102 _aRU
105 _ay z |||a|
200 1 _aНа чужой каравай рта не разевай
_eКомедия в 2 д., с куплетами
_fПередел. из фр. пьесы "Le mari de la dame de choeurs" К. Тарновским и Ф. Рудневым
210 _aМосква
_cлит. Моск. театр. б-ки С.Ф. Рассохина
_dценз. 1896
215 _a76 с.
_d22
605 _aLe mari de la dame de choeurs
700 1 _aТарновский
_bК.А.
_f1826-1892
_gКонстантин Августинович
701 1 _aРуднев
_bФ.М.
_f-1865
_gФедор Максимович
801 0 _aRU
_bNLR
_gpsbo
801 0 _aRU
_bRuMoRGB
_2psbo
801 1 _aRU
_bProSoft-M
_2rusmarc
852 _aNLR
_j18.180.2.405
899 _aRuMoRGB
_jA 243/964
899 _aRuMoRGB
_jФ 1-82/15099
942 _cBOOK
980 _aNB